=LDR 00000nam 2200000 4500 =001 INLIS000000000029525 =005 20130612131742 =008 ***********************************Ind** =035 ##$$a0010-061300000029525 =041 ##$$a Ind =082 ##$$a 813 =090 ##$$a 813, Mus m =100 ##$$a Musadiq, Aji =245 ##$$a Menuju langitmu, oleh Aji Musadiq =260 ##$$a 2008 $b Jakarta =300 ##$$a 252 hlm, ilus, 19 cm =650 ##$$a Fiksi Indonesia-Dewasa =850 ##$$a NBPNMAT =990 ##$$a 21195647/BPAP-NTB/2014